000 004080000a22001690004500
003 MACL
005 20160108135904.0
008 160108b xxu||||| |||| 00| 0 eng d
040 _aMACL
_cMACL
041 _aEnglish
082 _a920/POO
100 _aDeccon college poona
_929746
245 _aVak
260 _bDeccan College Poona
_aPoona
_c1953
650 _aReligion
_929747
942 _cBK
_k920/POO
_2ddc
999 _c36680
_d36680